000 01365nam a22003377a 4500
001 BR2024003938
003 BR-BrBNA
005 20241221153855.0
008 241221b bl.||||| |||| 00| 0 por d
040 _aBR-BrBNA
_bpor
041 _apor
072 _aL01 ; L02 ; L73
_b5200 ; 5212
090 _a5200 BR2024003938
110 _aSociedade Goiana de Veterinária, Goiânia, GO (Brasil)
_99922
110 _aConselho Regional de Medicina Veterinária em Goiás, Goiânia (Brasil)
111 _d28-30 May 1980; 19-21 May 1981; 18-20 May 1982
_cGoiânia, GO (Brasil)
_a1. Simpósio sobre Carências Minerais do Estado de Goiás; 1. Simpósio Brasileiro sobre Doenças de Bezerros; 1. Simpósio Brasileiro sobre Nutrição de Ruminantes
245 _aAnais do 1. Simpósio sobre Carências Minerais do Estado de Goiás; 1. Simpósio Brasileiro sobre Doenças de Bezerros; 1. Simpósio Brasileiro sobre Nutrição de Ruminantes
260 _aGoiânia, GO (Brasil)
_c1982
300 _a275 p.
500 _aIncludes several bibliographies; 5 illus.; 22 tables; 4 graphs
650 _aVETERINÁRIA
650 _aRUMINANTE
650 _aBOVINO
650 _aDEFICIÊNCIA MINERAL
650 _aDOENÇA ANIMAL
650 _aBEZERRO
650 _aNUTRIÇÃO ANIMAL
650 _aALIMENTAÇÃO ANIMAL
909 _a202412
_bFernando
942 _cBK
999 _c329394
_d329394